000 00571cam a22001932 4500
001 0000004473
005 20151217145810.0
008 070523s xx 000 0 eng d
020 _a997151415X :
040 _aKABU
_cKABU
050 0 _aQA76.9
_b.D37D38
245 1 4 _aThe Data warehouse lifecycle toolkit :
_bexpert methods .... /
_cRalph Kimbal l... [et al.]
260 _aNew York :
_bJ. Wiley,
_c2002.
300 _a xix, 771 p.
700 1 _aKimball, Ralph.
_@0000155059
908 _a070523
950 _@1
999 _c2714
_d2714